[Event "Emilia Romagna tt op"]
[Site "Piacenza"]
[Date "2022.09.25"]
[Round "5"]
[White "Toma, Daniele"]
[Black "Fortunati, Luca"]
[Result "0-1"]
[WhiteElo "1060"]
[BlackElo "999"]
[PlyCount "74"]
[EventDate "2022.09.23"]
[EventType "team-swiss"]
[EventRounds "5"]
[EventCountry "ITA"]
[SourceTitle "EXT 2023"]
[Source "ChessBase"]
[SourceDate "2022.10.05"]
[SourceVersion "1"]
[SourceVersionDate "2022.10.05"]
[SourceQuality "1"]
[WhiteTeam "Parma Alfieri"]
[BlackTeam "Piacenza New Generation"]
[WhiteTeamCountry "ITA"]
[BlackTeamCountry "ITA"]

1. d4 Nf6 2. Bg5 g6 3. Bxf6 exf6 4. c4 Bg7 5. Nc3 0-0 6. e3 d6 7. Bd3 Na6 8. Nge2 c5 9. a3 f5 10. 0-0 b6 11. d5 Bd7 12. Re1 Nc7 13. Qd2 a6 14. a4 Rb8 15. Ra3 b5 16. axb5 axb5 17. cxb5 Nxb5 18. Nxb5 Bxb5 19. Bxb5 Rxb5 20. Nc3 Rb7 21. Qc2 Re8 22. Rb3 Qd7 23. Rxb7 Qxb7 24. Ra1 Ra8 25. Rxa8+ Qxa8 26. Qa4 Qxa4 27. Nxa4 c4 28. Nc3 Bxc3 29. bxc3 Kg7 30. Kf1 Kf6 31. Ke2 Ke5 32. f4+ Kxd5 33. Kd2 f6 34. h4 Ke4 35. Ke2 h6 36. g3 h5 37. g4 fxg4 0-1